000 00770cam a2200241 a 4500
001 3907733
005 20180308032851.0
008 911120s1993 caua b s001 0 eng
010 _a 91043980
020 _a0520078470
040 _aDLC
_cDLC
_dDLC
041 _aeng
043 _an-us---
080 _a362.50973
082 0 0 _a362.50973 SNO
_220
100 1 _a50
101 _aSOC
245 1 0 _aDown on their luck :
_cDavid A. Snow and Leon Anderson.
504 _aIncludes bibliographical references (p. 361-380) and index.
906 _a7
_bcbc
_corignew
_d1
_eocip
_f19
_gy-gencatlg
942 _2ddc
_cBK
999 _c44366
_d44366